| 000 | 00836nam a22001817a 4500 | ||
|---|---|---|---|
| 005 | 20141111130818.0 | ||
| 008 | 141111b ck ||||| 2010 00| 0 spa d | ||
| 041 | _aspa | ||
| 044 | _ack | ||
| 090 |
_aEA _b00144 |
||
| 245 | 0 | 0 |
_aReciclaje : _bCartilla de Motivación Estudiantil sobre las 3 Opciones Importantes Reducir-Reutilizar-Reciclar |
| 260 |
_aCasanare : _bCorporación Autónoma Regional de la Orinoquia-Corporinoquia, _bGobernación de Casanare, _c2010. |
||
| 300 |
_a21 pag. _bIl. _c22 cm. |
||
| 650 | 4 |
_aEducación Ambiental _xBasuras y aprovechamiento de basuras _zCasanare (Dpt. Colombia) _928550 |
|
| 650 | 4 |
_aEducación Ambiental _xTratamiento de residuos sólidos _zCasanare (Dpt. Colombia) _928551 |
|
| 650 |
_aEducación Ambiental _xIndustria del reciclaje _xEnseñanza _zCasanare (Dpt. Colombia) _928552 |
||
| 942 |
_2z _cLIBRO |
||
| 999 |
_c8781 _d8781 |
||